[Event "Pyramides FFE GP Handicap"]
[Site "Le Port Marly"]
[Date "2013.09.22"]
[Round "7"]
[White "Adeimi, Michel"]
[Black "Shumilin, Vladimir S"]
[Result "1-0"]
[WhiteElo "1943"]
[BlackElo "2450"]
[PlyCount "57"]
[EventDate "2013.09.22"]
[EventType "swiss"]
[EventRounds "7"]
[EventCountry "FRA"]
[SourceTitle "EXT 2021"]
[Source "ChessBase"]
[SourceDate "2020.10.23"]
[SourceVersion "1"]
[SourceVersionDate "2020.10.23"]
[SourceQuality "1"]

1. d4 d5 2. c3 Nf6 3. e3 c6 4. f4 Bf5 5. Bd3 Bxd3 6. Qxd3 Nbd7 7. Nf3 e6 8. 0-0 c5 9. Ne5 c4 10. Qe2 Ne4 11. Nd2 Ndf6 12. Nxe4 Nxe4 13. f5 exf5 14. Rxf5 Nf6 15. e4 Bd6 16. exd5 0-0 17. Bg5 Be7 18. Bxf6 Bxf6 19. Qxc4 Rc8 20. Qd3 Re8 21. Qg3 Kf8 22. Qf3 Kg8 23. Rf1 Qd6 24. Ng4 Bd8 25. Rxf7 Bc7 26. Ne5 Qb6 27. Kh1 Qh6 28. g3 g6 29. Qf6 1-0

[Event "Pyramides FFE GP Handicap"]
[Site "Le Port Marly"]
[Date "2013.09.22"]
[Round "4"]
[White "Vachier Lagrave, Maxime"]
[Black "Shumilin, Vladimir S"]
[Result "1-0"]
[WhiteElo "2722"]
[BlackElo "2450"]
[PlyCount "75"]
[EventDate "2013.09.22"]
[EventType "swiss"]
[EventRounds "7"]
[EventCountry "FRA"]
[SourceTitle "EXT 2021"]
[Source "ChessBase"]
[SourceDate "2020.10.23"]
[SourceVersion "1"]
[SourceVersionDate "2020.10.23"]
[SourceQuality "1"]

1. e4 c6 2. d4 d6 3. g3 Qc7 4. Bg2 e5 5. Ne2 Bg4 6. Nbc3 Be7 7. 0-0 Bxe2 8. Nxe2 Nd7 9. f4 Ngf6 10. c3 0-0 11. h3 Rad8 12. g4 c5 13. fxe5 dxe5 14. d5 c4 15. b4 a5 16. a3 axb4 17. axb4 Ra8 18. Be3 Nb6 19. Kh1 Rxa1 20. Qxa1 Nc8 21. Ng3 Nd6 22. g5 Nd7 23. h4 g6 24. Bh3 h6 25. Qa4 b5 26. Qd1 hxg5 27. hxg5 Kg7 28. Kg2 Rh8 29. Qf3 Rh4 30. Bg4 Kg8 31. Ra1 Nb6 32. Ra6 Na4 33. Ra7 Qd8 34. Bc5 Qf8 35. Rc7 Kg7 36. Bxd6 Bxd6 37. Qf6+ Kg8 38. Rxf7 1-0